| Registos Bibliográficos associados ao registo de autoridade |
|
Etiqueta de registo: 00000nam 2200025 450 001 2284657 003 http://id.bnportugal.gov.pt/bib/catbnp/2284657 100 ## $a20260417d2025 k y0pory01030103ba 101 0# $aeng$dpor 102 ## $aPT 105 ## $aa m 000yy 106 ## $ar 200 1# $aDissecting the interplay between kinetochores and centrosomes for mitotic fidelity$fNelson Machado Leça$gorient. Carlos Conde, Eurico Morais de Sá, Claudio Sunkel 210 #9 $aPorto$c[s.n.],$d2025 215 ## $aXXII, 112, [37] p.$cil.$d30 cm 328 #1 $aTese dout. Biologia Molecular e Celular, Instituto de Ciências Biomédicas de Abel
Salazar, Universidade do Porto, 2025 675 ## $a576.3(043)$vBN$zpor$31228857 700 #1 $aLeça,$bNelson Machado$31996138 702 #1 $aConde,$bCarlos Alberto da Silva,$f1980-$4727$31387046 702 #1 $aSá,$bEurico Morais de$4727$31718469 702 #1 $aSunkel,$bCláudio E.$4727$3812683 801 #0 $aPT$bBN$gRPC 966 ## $lBN$mFGMON$sS.A. 193877 V.$x1 971 ## $corlando$d20260417 972 ## $e0$z0$d20260520$vasantos 973 ## $cigoulao$d20260518
|
|
|